000 00448pab a2200181 454500
008 180718b2009 xxu||||| |||| 00| 0 eng d
100 _aMalhotra, Neena
245 _aImports-growth relationship in India: causality analysis
260 _c2009
300 _ap.33-46.
362 _aJul
650 _aImports - India
650 _aExports/Imports
700 _aMeenu
773 _aIndian Journal of Economics
908 _aN
909 _a86004
999 _c86004
_d86004